[Event "Vitrolles Majeur op 0405"]
[Site "Vitrolles"]
[Date "2005.03.19"]
[Round "8"]
[White "Mosti, Alain"]
[Black "Parroco, Pierre Jean"]
[Result "1/2-1/2"]
[WhiteElo "1960"]
[BlackElo "1710"]
[PlyCount "48"]
[EventDate "2004.10.16"]
[EventType "swiss"]
[EventRounds "9"]
[EventCountry "FRA"]
[SourceTitle "EXT 2008"]
[Source "ChessBase"]
[SourceDate "2007.11.25"]
[SourceVersion "1"]
[SourceVersionDate "2007.11.25"]
[SourceQuality "1"]

1. e4 e5 2. Nf3 Nc6 3. d4 exd4 4. Nxd4 Nf6 5. Nxc6 bxc6 6. Bd3 d5 7. Nd2 Bc5 8. Nb3 Bb6 9. exd5 0-0 10. 0-0 Qxd5 11. Bf4 Bg4 12. Qd2 Ne4 13. Bxe4 Qxe4 14. Rae1 Qg6 15. c4 Bh3 16. Bg3 Rad8 17. Qc1 Bf5 18. c5 Bd3 19. cxb6 cxb6 20. h3 Bxf1 21. Rxf1 Rfe8 22. Rd1 Rxd1+ 23. Qxd1 Qf6 24. Qc1 Re2 1/2-1/2

[Event "Bouches du Rhone-ch 0203"]
[Site "Provence"]
[Date "2002.11.23"]
[Round "3"]
[White "Mosti, Alain"]
[Black "Roux, Philippe"]
[Result "0-1"]
[WhiteElo "1660"]
[BlackElo "1960"]
[PlyCount "70"]
[EventDate "2002.10.??"]
[EventType "swiss"]
[EventRounds "9"]
[EventCountry "FRA"]
[SourceTitle "EXT 2005"]
[Source "ChessBase"]
[SourceDate "2004.11.15"]
[SourceVersion "1"]
[SourceVersionDate "2004.11.15"]
[SourceQuality "1"]

1. e4 c5 2. Nf3 Nc6 3. d4 cxd4 4. Nxd4 Nf6 5. Nc3 e5 6. Ndb5 d6 7. Bg5 a6 8. Bxf6 gxf6 9. Na3 b5 10. Nd5 f5 11. exf5 Bxf5 12. Qf3 Nd4 13. Nc7+ Qxc7 14. Qxa8+ Ke7 15. c3 Bh6 16. Qxa6 b4 17. Bd3 bxa3 18. cxd4 axb2 19. 0-0 bxa1Q 20. Rxa1 Bxd3 21. Qxd3 Rc8 22. dxe5 Qc1+ 23. Rxc1 Rxc1+ 24. Qf1 dxe5 25. Qxc1 Bxc1 26. Kf1 Ba3 27. g4 Ke6 28. f3 Kd5 29. Ke2 Kd4 30. h3 e4 31. fxe4 Kxe4 32. Kf2 Kf4 33. Kg2 Bc5 34. a4 Ba7 35. g5 Kxg5 0-1